Guess the Historical Flag Maps - Statistics

General Stats
  • This quiz has been taken 148 times
    102 since last reset
  • The average score is 7 of 9
Answer Stats
Picture Answer % Correct
Roman Empire
96%
German Empire
91%
Russian Empire
90%
Japanese Empire
87%
United States (1783)
86%
South Vietnam
84%
Brazilian Empire
73%
Korean Empire
67%
Napoleonic France
47%
No matching quizzes found
Score Distribution
Percent of People with Each Score
Percentile by Number Answered
Your Score History
You have not taken this quiz since the last reset